|
|
|
|
| LEADER |
00000cam a2200000 7i4500 |
| 001 |
0000022370 |
| 005 |
20080728.0 |
| 008 |
080727 |
| 020 |
|
|
|a 9676018333
|
| 090 |
0 |
0 |
|a 899.23076
|b AMR
|
| 100 |
0 |
|
|a Amran Yusoh
|
| 245 |
1 |
0 |
|a Antologi anak laut :
|b tingkatan 4
|c Amran Yusoh
|
| 260 |
|
|
|a Selangor :
|b SNP Panpac (M) Sdn Bhd ,
|c 2008
|
| 440 |
|
|
|a Siri ulasan dan kajian kesusasteraan melayu dalam matapelajaran Bahasa Melayu
|
| 650 |
|
0 |
|a Malay literature
|x Criticism, Textual
|
| 650 |
|
0 |
|a Malay literature
|x Problems, exercises, etc
|
| 999 |
|
|
|a 0001035858
|b Book
|c Teenagers
|e Perbadanan Perpustakaan Awam Johor
|
| 999 |
|
|
|a 0001035859
|b Book
|c Teenagers
|e Perbadanan Perpustakaan Awam Johor
|
| 999 |
|
|
|a 0001035860
|b Book
|c Teenagers
|e Cawangan Pontian
|
| 999 |
|
|
|a 0001035861
|b Book
|c REFERENCE
|e Perbadanan Perpustakaan Awam Johor
|
| 999 |
|
|
|a 0001035862
|b Book
|c REFERENCE
|e Perbadanan Perpustakaan Awam Johor
|